| 000 | 01777nam0a2200349 4500 | ||
|---|---|---|---|
| 001 | RU\NLR\b_ik\108843 | ||
| 005 | 20250616225311.0 | ||
| 035 | _a(NLR Aleph) 002182585 | ||
| 090 |
_a2803455 _c2803455 |
||
| 100 | _a20040309d2003 |||y0rusy50 ca | ||
| 101 | 0 |
_aeng _deng |
|
| 102 | _aRU | ||
| 105 | _ay ||||||||| | ||
| 200 | 1 |
_aThe suitcase trade between Turkey and Russia: microeconomics and institutional structure _fA. Yakovlev, A. Çarkoglu, M. Eder |
|
| 210 |
_aМ. _cГУ ВШЭ _d2003 |
||
| 215 |
_a28, [2] с. _d21 |
||
| 225 | 1 |
_aПрепринт _fГос. ун-т - Высш. шк. экономики _vWP4/2003/07 _iСерия WP4 "Социология рынков" |
|
| 300 | _aВ вып. дан.: Челночная торговля между Турцией и Россией: микроэкономическая и институциональная структура / Андрей Александрович Яковлев, Али Чаркоглу, Минэ Эдер | ||
| 300 | _aРез. на англ. яз. | ||
| 320 | _aБиблиогр. в конце кн. | ||
| 517 | 0 | _aЧелночная торговля между Турцией и Россией: микроэкономическая и институциональная структура | |
| 606 | 0 |
_aВнешняя торговля _yТурция _9976987 _3RU\NLR\AUTH\6648513 |
|
| 606 | 0 |
_aВнешняя торговля _yРоссийская Федерация _92079231 _3RU\NLR\AUTH\661255107 |
|
| 686 | 4 | _aУ43(5Ту)8 | |
| 686 | 4 | _aУ43(2)8 | |
| 700 | 1 |
_aJakovlev _bA. A. _gAndrej Aleksandrovič _4070 |
|
| 701 | 1 |
_aÇarkoglu _bA. _f1963- _gAli _4070 |
|
| 701 | 1 |
_aEder _bM. _f1965- _gMine _4070 |
|
| 801 | 0 |
_aRU _bNLR _c20040309 _gPSBO |
|
| 942 | _cBOOK | ||
| 980 | _aNB | ||